Societas et Res Publica

Detalles Bibliográficos
Formato: Electrónico Revista
Lenguaje:checo
inglés
Publicado: Trnava, Slovakia : Univerzita sv. Cyrila a Metoda v Trnave (Faculty of Social Sciences), 2012-
Materias:
Acceso en línea:Full text available from Research Library: 01/01/2012 to 01/31/2013

MARC

LEADER 00000nas a2200000 i 4500
001 ssj0001077956
003 WaSeSS
005 20200512172242.0
006 m d
007 cr n
008 140106c20129999xo q| p|s|||||| |0cze d
022 |a 1338-6530  |l 1338-6530 
035 |a (WaSeSS)ssj0001077956 
040 |a WaSeSS  |b eng  |c WaSeSS  |d WaSeSS 
041 |a cze  |a eng 
050 1 4 |a HC270.3.A1 
210 1 |a Soc. Res Publica 
222 0 |a Societas et Res Publica 
245 0 0 |a Societas et Res Publica  |h [electronic resource]. 
260 |a Trnava, Slovakia :  |b Univerzita sv. Cyrila a Metoda v Trnave (Faculty of Social Sciences),  |c 2012- 
310 |a Quarterly 
362 1 |a Began with Volume I, Issue 1 (2012). 
506 |a License restrictions may limit access. 
546 |a In Czech and English. 
588 |a Description based on: Volume I, Issue 1 (2012); title from article pdf (ProQuest, viewed Jan. 6, 2014). 
588 |a Latest issue consulted: Volume II, Issue 1 (2013) (viewed Jan. 6, 2014). 
651 0 |a Slovakia  |x Economic conditions  |v Periodicals. 
655 0 |a Electronic journals. 
856 4 0 |z Full text available from Research Library: 01/01/2012 to 01/31/2013  |u https://search.proquest.com/publication/1636341